[Event "15. Sparkassen Open 2016 - Gruppe B"]
[Site "Forchheim"]
[Date "2016.10.01"]
[Round "2.9"]
[White "Lutter, Maximilian"]
[Black "Brenzinger, Thomas"]
[Result "1/2-1/2"]
[WhiteElo "1842"]
[BlackElo "1781"]
[PlyCount "93"]
[EventDate "2016.??.??"]
[WhiteTeam "SK Neumarkt"]
[BlackTeam "SK Mannheim-Lindenhof"]

1. d4 Nf6 2. c4 e6 3. Nc3 d5 4. cxd5 exd5 5. Bg5 Nbd7 6. e3 c6 7. Bd3 Bd6 8.
Nge2 Qc7 9. Rc1 h6 10. Bf4 Nf8 11. O-O a6 12. f3 Ne6 13. Bxd6 Qxd6 14. Bb1 Qb4
15. Qd2 O-O 16. a3 Qa5 17. Ne4 Qxd2 18. Nxd2 Rd8 19. Nb3 Ne8 20. Na5 Nd6 21.
Nc3 Nc4 22. Nxc4 dxc4 23. Rfd1 Bd7 24. Kf2 Be8 25. h4 Nc7 26. Ne4 b5 27. Nc5
Ne6 28. Nxe6 fxe6 29. Kg3 Kf7 30. Kf4 Ke7 31. Be4 Ra7 32. g4 Rc7 33. Ke5 c5 34.
d5 exd5 35. Rxd5 Rxd5+ 36. Bxd5 Rd7 37. e4 Bf7 38. f4 a5 39. f5 Rd8 40. g5 hxg5
41. hxg5 Bxd5 42. exd5 Re8 43. a4 Kd7+ 44. Kf4 Re2 45. axb5 Rxb2 46. Rxc4 Kd6
47. Ke4 1/2-1/2

[Event "15. Sparkassen Open 2016 - Gruppe B"]
[Site "Forchheim"]
[Date "2016.10.01"]
[Round "2.10"]
[White "Jacob, Karl-Heinz"]
[Black "Petrashov, Alexander"]
[Result "0-1"]
[WhiteElo "1744"]
[BlackElo "1785"]
[PlyCount "63"]
[EventDate "2016.??.??"]
[WhiteTeam "SG Sonneberg"]
[BlackTeam "SC Noris-Tarrasch Nürnberg"]

1. Nf3 e6 2. c4 d5 3. g3 c6 4. b3 f5 5. Bb2 Nf6 6. Bg2 Bd6 7. O-O O-O 8. d3
Nbd7 9. Nbd2 Qe7 10. Rc1 e5 11. cxd5 cxd5 12. Ne1 b6 13. e4 fxe4 14. dxe4 Ba6
15. exd5 Bxf1 16. Kxf1 e4 17. Nc4 Ne5 18. Ne3 Qd7 19. f4 exf3 20. Nxf3 Nxf3 21.
Bxf3 Bc5 22. Bd4 Ba3 23. Rc2 Ng4 24. Kg2 Nh6 25. Nc4 Bc5 26. d6 Rfe8 27. Bd5+
Kh8 28. Be5 b5 29. Na5 Rxe5 30. Rxc5 Qxd6 31. Nb7 Qf8 32. Bc6 0-1

[Event "15. Sparkassen Open 2016 - Gruppe B"]
[Site "Forchheim"]
[Date "2016.10.01"]
[Round "2.11"]
[White "Spieker, Hans-Joachim"]
[Black "Mönius, Oliver"]
[Result "1/2-1/2"]
[WhiteElo "1890"]
[BlackElo "1787"]
[PlyCount "50"]
[EventDate "2016.??.??"]
[WhiteTeam "Hamelner SV"]
[BlackTeam "SC Höchstadt/Aisch"]

1. Nf3 c5 2. c4 g6 3. g3 Bg7 4. Bg2 Nc6 5. O-O e6 6. Nc3 Nge7 7. a3 O-O 8. Rb1
d5 9. cxd5 exd5 10. d4 Bf5 11. Ra1 Nxd4 12. Nxd4 Bxd4 13. Qb3 Qd7 14. Nxd5 Nxd5
15. Qxd5 Qxd5 16. Bxd5 Bh3 17. Re1 Rab8 18. Bf4 Rbd8 19. Bxb7 Bxb2 20. Ra2 Bf6
21. Rc2 g5 22. Bc7 Rd7 23. Rxc5 Be7 24. Rc2 Bxa3 25. Ba6 Rd5 1/2-1/2

[Event "15. Sparkassen Open 2016 - Gruppe B"]
[Site "Forchheim"]
[Date "2016.10.01"]
[Round "2.12"]
[White "Lutz, Ruben"]
[Black "Jülg, Gabriel"]
[Result "1/2-1/2"]
[WhiteElo "1846"]
[BlackElo "1821"]
[PlyCount "64"]
[EventDate "2016.??.??"]
[WhiteTeam "USV TU Dresden"]
[BlackTeam "SK Ettlingen"]

1. d4 Nf6 2. Nf3 d5 3. Bg5 e6 4. e3 c6 5. Bd3 Bd6 6. Nbd2 Nbd7 7. c3 O-O 8. O-O
Qc7 9. e4 dxe4 10. Nxe4 Nxe4 11. Bxe4 h6 12. Be3 Nf6 13. Bc2 b6 14. Qd2 Ng4 15.
h3 Nxe3 16. Qxe3 Re8 17. Qd3 g6 18. h4 h5 19. Rfe1 Bb7 20. Ne5 c5 21. Ba4 Red8
22. Qe3 Bxe5 23. dxe5 Rd5 24. Rad1 Rad8 25. Bb3 Rxd1 26. Rxd1 Rxd1+ 27. Bxd1
Qd8 28. Bf3 Bd5 29. Qd3 Qa8 30. c4 Bxf3 31. gxf3 Qb7 32. Kg2 Qe7 1/2-1/2

[Event "15. Sparkassen Open 2016 - Gruppe B"]
[Site "Forchheim"]
[Date "2016.10.01"]
[Round "2.13"]
[White "Zeltner, Ottmar"]
[Black "Loeke, Patrick"]
[Result "1-0"]
[WhiteElo "1971"]
[BlackElo "1921"]
[PlyCount "68"]
[EventDate "2016.??.??"]
[WhiteTeam "SK Rothenburg"]
[BlackTeam "MSA Zugzwang"]

1. e4 c5 2. Nf3 d6 3. d4 cxd4 4. Nxd4 Nf6 5. Nc3 a6 6. f3 e5 7. Nb3 Be6 8. Be3
Be7 9. Qd2 O-O 10. O-O-O a5 11. a4 Na6 12. Nd5 Nxd5 13. exd5 Bf5 14. Bd3 Bxd3
15. Qxd3 Qd7 16. Qb5 Qxb5 17. axb5 a4 18. bxa6 axb3 19. axb7 bxc2 20. bxa8=Q
cxd1=Q+ 21. Rxd1 Rxa8 22. Kb1 Kf8 23. Rd3 f5 24. Ra3 Rb8 25. Bd2 Bd8 26. Ba5
Bxa5 27. Rxa5 e4 28. fxe4 fxe4 29. Kc2 e3 30. Ra3 Rb5 31. Rxe3 Rxd5 32. b4 Kf7
33. Kc3 h6 34. Rd3 Rg5 1-0

[Event "15. Sparkassen Open 2016 - Gruppe B"]
[Site "Forchheim"]
[Date "2016.10.01"]
[Round "2.14"]
[White "Hummel, Thomas"]
[Black "Knauer, Olaf"]
[Result "1-0"]
[WhiteElo "1906"]
[BlackElo "1834"]
[PlyCount "69"]
[EventDate "2016.??.??"]
[WhiteTeam "SK Neumarkt"]
[BlackTeam "SK Weidhausen"]

1. b4 d5 2. Bb2 Nf6 3. Nf3 c6 4. e3 g6 5. Be2 Bg7 6. d3 O-O 7. Nbd2 Nbd7 8. c4
b6 9. a4 Bb7 10. O-O a5 11. b5 dxc4 12. Nxc4 cxb5 13. axb5 Bd5 14. Nfd2 Nc5 15.
Bd4 Nfd7 16. Bxg7 Kxg7 17. d4 Ne4 18. Nxe4 Bxe4 19. f3 Bb7 20. e4 Rc8 21. Qd2
Rc7 22. Rac1 Qb8 23. Qe3 Ba8 24. Bd3 Ra7 25. g4 Rh8 26. e5 Bd5 27. Be4 Qb7 28.
Nd2 a4 29. Rc3 Bxe4 30. fxe4 e6 31. Nc4 Rf8 32. Nd6 Qa8 33. Qf4 a3 34. Rh3 Nxe5
35. Qh6+ 1-0

[Event "15. Sparkassen Open 2016 - Gruppe B"]
[Site "Forchheim"]
[Date "2016.10.01"]
[Round "2.15"]
[White "Hetzner, Hannes"]
[Black "Stoll, Stefan"]
[Result "1-0"]
[WhiteElo "1368"]
[BlackElo "2003"]
[PlyCount "41"]
[EventDate "2016.??.??"]
[WhiteTeam "SC Erlangen"]
[BlackTeam "SK Mering"]

1. e4 g6 2. d4 Bg7 3. f4 d6 4. Nf3 Nf6 5. Nc3 O-O 6. Bc4 Nxe4 7. Nxe4 d5 8. Bd3
dxe4 9. Bxe4 c5 10. c3 cxd4 11. Nxd4 e5 12. Nf3 Qxd1+ 13. Kxd1 Rd8+ 14. Kc2 Nd7
15. Rd1 f5 16. Bd5+ Kf8 17. fxe5 Nxe5 18. Bg5 Re8 19. Bf4 a5 20. Re1 Nxf3 21.
Bd6+ 1-0

[Event "15. Sparkassen Open 2016 - Gruppe B"]
[Site "Forchheim"]
[Date "2016.10.01"]
[Round "2.17"]
[White "Paeslack, Luis"]
[Black "Spangenberg, Romy"]
[Result "0-1"]
[WhiteElo "1794"]
[BlackElo "1862"]
[PlyCount "78"]
[EventDate "2016.??.??"]
[WhiteTeam "SK Mainaschaff"]
[BlackTeam "SC Leipzig-Lindenau"]

1. d4 d5 2. c4 e6 3. Nc3 Nf6 4. cxd5 exd5 5. Bg5 Be7 6. Nf3 O-O 7. e3 b6 8. Qc2
Bb7 9. h3 Nbd7 10. Bd3 h6 11. Bf4 a6 12. O-O c5 13. Rfe1 c4 14. Bf5 b5 15. a3
Qb6 16. e4 dxe4 17. Nxe4 Bxe4 18. Bxe4 Nxe4 19. Qxe4 Bd6 20. Bxh6 Nf6 21. Qf5
gxh6 22. g4 Bc7 23. g5 Nh7 24. Kh1 Qg6 25. Qd7 Qd6 26. Qg4 hxg5 27. Re5 f6 28.
Re6 Qf4 29. Qh5 Rf7 30. Rae1 Raf8 31. Re7 Qf5 32. Kg2 Bd6 33. R7e6 Rd8 34. Nh4
Qd5+ 35. f3 Nf8 36. Re8 Rxe8 37. Rxe8 Qxd4 38. Nf5 Qxb2+ 39. Kf1 Qb1+ 0-1

[Event "15. Sparkassen Open 2016 - Gruppe B"]
[Site "Forchheim"]
[Date "2016.10.01"]
[Round "2.18"]
[White "Moses, Selina"]
[Black "Buzatu, Alexander"]
[Result "1-0"]
[WhiteElo "1839"]
[BlackElo "1580"]
[PlyCount "45"]
[EventDate "2016.??.??"]
[WhiteTeam "TuS Coswig"]
[BlackTeam "SC Erlangen"]

1. e4 e5 2. Nf3 Nc6 3. Bb5 a6 4. Bxc6 dxc6 5. O-O f6 6. d4 Bg4 7. c3 exd4 8.
Qxd4 Bxf3 9. Qxd8+ Rxd8 10. gxf3 Bd6 11. Nd2 b5 12. Nb3 Ne7 13. Be3 O-O 14.
Rad1 Be5 15. Nc5 Rxd1 16. Rxd1 Ng6 17. Nxa6 Nh4 18. f4 Bd6 19. f5 Re8 20. Nc5
Bxc5 21. Bxc5 Rxe4 22. Rd8+ Kf7 23. Rf8# 1-0

[Event "15. Sparkassen Open 2016 - Gruppe B"]
[Site "Forchheim"]
[Date "2016.10.01"]
[Round "2.19"]
[White "Roth, Jakob"]
[Black "Rierl, Klaus"]
[Result "1-0"]
[WhiteElo "1872"]
[BlackElo "1756"]
[PlyCount "35"]
[EventDate "2016.??.??"]
[WhiteTeam "Spvgg Stetten"]
[BlackTeam "SG Sonneberg"]

1. d4 d5 2. c4 e6 3. Nc3 Nf6 4. cxd5 exd5 5. Bg5 Be7 6. e3 c6 7. Bd3 Nbd7 8.
Nge2 h6 9. Bh4 O-O 10. Qc2 a6 11. O-O Ne8 12. Bg3 Ndf6 13. Rad1 Bd6 14. h3 Nc7
15. Bxd6 Qxd6 16. e4 dxe4 17. Nxe4 Qe7 18. h4 1-0

[Event "15. Sparkassen Open 2016 - Gruppe B"]
[Site "Forchheim"]
[Date "2016.10.01"]
[Round "2.20"]
[White "Wieczorek, Heinz"]
[Black "Modric, Vladimir"]
[Result "1-0"]
[WhiteElo "1793"]
[BlackElo "1960"]
[PlyCount "65"]
[EventDate "2016.??.??"]
[WhiteTeam "SW Nürnberg Süd"]
[BlackTeam "SC Nied"]

1. e4 c5 2. Nf3 g6 3. d4 cxd4 4. Nxd4 Bg7 5. Be3 Nc6 6. Be2 Nf6 7. f3 O-O 8. c4
d6 9. Qd2 Bd7 10. Nc3 Qa5 11. O-O Nxd4 12. Bxd4 Rac8 13. b4 Qxb4 14. Rab1 Qa5
15. Rxb7 Rc7 16. Rxc7 Qxc7 17. Nb5 Bxb5 18. cxb5 Rc8 19. Rd1 Nd7 20. Bxg7 Kxg7
21. a4 Qc5+ 22. Qd4+ Qxd4+ 23. Rxd4 Rc2 24. Bd1 Rc1 25. Kf2 g5 26. Ke2 Kf6 27.
Kd2 Ra1 28. Kc3 Rc1+ 29. Kb4 Ke5 30. Rd5+ Kf4 31. Rd3 Nb6 32. Bb3 f6 33. a5 1-0

[Event "15. Sparkassen Open 2016 - Gruppe B"]
[Site "Forchheim"]
[Date "2016.10.01"]
[Round "2.21"]
[White "Homi, Joseph"]
[Black "Schmitz, Tim"]
[Result "1/2-1/2"]
[WhiteElo "1787"]
[BlackElo "1808"]
[PlyCount "42"]
[EventDate "2016.??.??"]
[WhiteTeam "SGem Fürth"]
[BlackTeam "SC Sendling"]

1. e4 c5 2. Nf3 d6 3. d4 cxd4 4. Nxd4 Nf6 5. f3 a6 6. c4 g6 7. Nc3 Bg7 8. Be2
Nc6 9. Nxc6 bxc6 10. Be3 Be6 11. Qd2 O-O 12. O-O Rb8 13. Rac1 Qc8 14. Rfd1 Rd8
15. b3 Qb7 16. Qc2 Rbc8 17. Na4 c5 18. e5 Ne8 19. exd6 exd6 20. Rd2 Qe7 21. Bf4
Bd4+ 1/2-1/2

[Event "15. Sparkassen Open 2016 - Gruppe B"]
[Site "Forchheim"]
[Date "2016.10.01"]
[Round "2.22"]
[White "Schlötterer, Hermann"]
[Black "Mooser, Nicolas"]
[Result "1-0"]
[WhiteElo "1843"]
[BlackElo "1832"]
[PlyCount "53"]
[EventDate "2016.??.??"]
[WhiteTeam "Zabo-Eintracht Nürnberg"]
[BlackTeam "PSV Dorfen"]

1. d4 d5 2. g3 e6 3. Bg2 Nf6 4. Nf3 Be7 5. O-O O-O 6. c4 c6 7. Nc3 Nbd7 8. Qc2
b6 9. Rd1 Bb7 10. b3 c5 11. Bb2 a6 12. e3 Rc8 13. Rac1 Rc7 14. cxd5 Nxd5 15.
Nxd5 Bxd5 16. e4 Bb7 17. d5 exd5 18. exd5 Bd6 19. h4 Nf6 20. Ng5 g6 21. Qc3 Kg7
22. Ne4 Be7 23. d6 Rd7 24. Kh2 Bxe4 25. dxe7 Qxe7 26. Rxd7 Qxd7 27. Qxf6+ 1-0

[Event "15. Sparkassen Open 2016 - Gruppe B"]
[Site "Forchheim"]
[Date "2016.10.01"]
[Round "2.23"]
[White "Krumschmidt, Michael"]
[Black "Großner, Josef"]
[Result "1-0"]
[WhiteElo "1692"]
[BlackElo "1888"]
[PlyCount "87"]
[EventDate "2016.??.??"]
[WhiteTeam "Hamelner SV"]
[BlackTeam "SF Fürth"]

1. d4 Nf6 2. c4 e6 3. Nc3 d5 4. Bg5 Be7 5. Nf3 b6 6. Bh4 O-O 7. e3 h6 8. Qb3
Bb7 9. Nd2 Nbd7 10. f3 c5 11. O-O-O cxd4 12. exd4 Rc8 13. Kb1 a6 14. Rg1 dxc4
15. Bxc4 b5 16. Be2 Nd5 17. Bxe7 Qxe7 18. Nde4 Rc7 19. Rc1 Rfc8 20. Nxd5 Bxd5
21. Qe3 Qb4 22. Rxc7 Rxc7 23. Nc3 Bb7 24. Rc1 Nf6 25. Bd3 Qa5 26. Be4 Qb6 27.
Bxb7 Qxb7 28. Ne4 Nd5 29. Qd2 Qb6 30. g3 Ne7 31. Nc5 a5 32. f4 b4 33. Qd3 Ra7
34. Na4 Qb7 35. Nc5 Qb6 36. Na4 Qb7 37. Nc5 Qb6 38. Qe4 Qb5 39. g4 g6 40. h4 a4
41. h5 a3 42. hxg6 Nxg6 43. Nxe6 fxe6 44. Qxe6+ 1-0

[Event "15. Sparkassen Open 2016 - Gruppe B"]
[Site "Forchheim"]
[Date "2016.10.01"]
[Round "2.24"]
[White "Reichel, Günther"]
[Black "Eichenauer, Pascal"]
[Result "1/2-1/2"]
[WhiteElo "1741"]
[BlackElo "1878"]
[PlyCount "38"]
[EventDate "2016.??.??"]
[WhiteTeam "SC-SF Stockstadt"]
[BlackTeam "SV Würzburg"]

1. c4 Nf6 2. Nc3 g6 3. Nf3 Bg7 4. g3 O-O 5. Bg2 d6 6. O-O c5 7. a3 Nc6 8. Rb1
Rb8 9. b4 cxb4 10. axb4 a6 11. Qc2 Bg4 12. e3 Qd7 13. d4 a5 14. Ba3 Nxb4 15.
Bxb4 axb4 16. Rxb4 Rfc8 17. Qb3 Qc7 18. Nb5 Qd8 19. Nd2 Bd7 1/2-1/2

[Event "15. Sparkassen Open 2016 - Gruppe B"]
[Site "Forchheim"]
[Date "2016.10.01"]
[Round "2.25"]
[White "Sindermann, Peter"]
[Black "Bandau, Frank"]
[Result "1-0"]
[WhiteElo "1964"]
[BlackElo "1643"]
[PlyCount "49"]
[EventDate "2016.??.??"]
[WhiteTeam "SK Weilheim"]
[BlackTeam "SK Goslar"]

1. c4 Nf6 2. d4 g6 3. Nc3 Bg7 4. e4 d6 5. f4 O-O 6. Nf3 c5 7. d5 e6 8. Bd3 exd5
9. cxd5 Bg4 10. O-O Re8 11. h3 Bxf3 12. Qxf3 Nbd7 13. g4 Qa5 14. Rf2 a6 15. Bd2
Qc7 16. a4 c4 17. Bc2 Re7 18. h4 Rae8 19. h5 Nc5 20. h6 Bxh6 21. Re1 Qd7 22. g5
b5 23. axb5 axb5 24. gxh6 b4 25. f5 1-0

[Event "15. Sparkassen Open 2016 - Gruppe B"]
[Site "Forchheim"]
[Date "2016.10.01"]
[Round "2.26"]
[White "Auth, Bernhard"]
[Black "Albayrak, Aylin"]
[Result "1-0"]
[WhiteElo "1753"]
[BlackElo "1726"]
[PlyCount "63"]
[EventDate "2016.??.??"]
[WhiteTeam "SC Bad Windsheim"]
[BlackTeam "Zabo-Eintracht Nürnberg"]

1. d4 d5 2. c4 Nf6 3. cxd5 Nxd5 4. e4 Nf6 5. Nc3 e6 6. Bg5 Be7 7. Nf3 c6 8. Bd3
O-O 9. O-O Nbd7 10. Qd2 Ne8 11. e5 f5 12. exf6 Ndxf6 13. Qc2 c5 14. dxc5 Bxc5
15. Bxh7+ Kh8 16. Ne5 Qc7 17. Ng6+ Kxh7 18. Nxf8+ Kg8 19. Ng6 Ng4 20. Bf4 e5
21. Bg3 Bd4 22. h3 Nh6 23. Qb3+ Kh7 24. Nb5 Qc5 25. Rac1 Qb6 26. Nxe5 Be6 27.
Qd3+ Bf5 28. Qxd4 Qxb5 29. Rfd1 Nf6 30. Rc7 Re8 31. Nc4 Kg8 32. Nd6 1-0

[Event "15. Sparkassen Open 2016 - Gruppe B"]
[Site "Forchheim"]
[Date "2016.10.01"]
[Round "2.27"]
[White "Obernöder, Thomas"]
[Black "Alsheimer, Lea"]
[Result "1-0"]
[WhiteElo "1767"]
[BlackElo "1689"]
[PlyCount "32"]
[EventDate "2016.??.??"]
[WhiteTeam "SK Weilheim"]
[BlackTeam "SC Bechhofen"]

1. d4 d5 2. c4 e6 3. Nc3 c5 4. cxd5 exd5 5. Nf3 Nc6 6. Bf4 Nf6 7. e3 Bg4 8. Be2
cxd4 9. exd4 Bb4 10. O-O Bxc3 11. bxc3 Ne5 12. Qb3 Qd7 13. Rfe1 O-O 14. Nd2
Bxe2 15. Rxe2 Qg4 16. f3 Qxf4 1-0

[Event "15. Sparkassen Open 2016 - Gruppe B"]
[Site "Forchheim"]
[Date "2016.10.01"]
[Round "2.28"]
[White "Mantel, Hubert"]
[Black "Rieber, René"]
[Result "0-1"]
[WhiteElo "1787"]
[BlackElo "1898"]
[PlyCount "22"]
[EventDate "2016.??.??"]
[WhiteTeam "Zabo-Eintracht Nürnberg"]
[BlackTeam "SC Ansbach"]

1. d4 e5 2. dxe5 Nc6 3. f4 f6 4. e6 Bc5 5. e4 Qe7 6. exd7+ Bxd7 7. Bd3 O-O-O 8.
Qe2 Nd4 9. Qd2 Nh6 10. c3 Ndf5 11. Nf3 Bb5 0-1

[Event "15. Sparkassen Open 2016 - Gruppe B"]
[Site "Forchheim"]
[Date "2016.10.01"]
[Round "2.29"]
[White "Balhar, Michael"]
[Black "Semenova, Alisa"]
[Result "1-0"]
[WhiteElo "1769"]
[BlackElo "1646"]
[PlyCount "49"]
[EventDate "2016.??.??"]
[WhiteTeam "SC Erlangen"]
[BlackTeam "SC Noris-Tarrasch Nürnberg"]

1. e4 c5 2. Nf3 Nc6 3. Bb5 g6 4. O-O Bg7 5. Re1 d6 6. Bxc6+ bxc6 7. c3 e5 8. d4
cxd4 9. cxd4 Bg4 10. dxe5 Bxe5 11. Qc2 Qc7 12. Nxe5 dxe5 13. Nc3 Rc8 14. Be3
Bd7 15. Rac1 Qb7 16. f3 h6 17. Na4 Ne7 18. Red1 Rc7 19. Nc5 Qc8 20. Qc3 f6 21.
Rd6 Ng8 22. Rcd1 Rh7 23. Qc4 Rg7 24. Nxd7 Rcxd7 25. Rxd7 1-0

[Event "15. Sparkassen Open 2016 - Gruppe B"]
[Site "Forchheim"]
[Date "2016.10.01"]
[Round "2.30"]
[White "Walter, Manfred"]
[Black "Wirth, Reinhard"]
[Result "0-1"]
[WhiteElo "1750"]
[BlackElo "1732"]
[PlyCount "20"]
[EventDate "2016.??.??"]
[WhiteTeam "SV Lauf"]
[BlackTeam "SC Bergrheinfeld"]

1. f4 d5 2. Nf3 Nf6 3. g3 e6 4. Bg2 c5 5. d3 Nc6 6. O-O Be7 7. c3 O-O 8. Qc2
Bd7 9. e4 dxe4 10. dxe4 Re8 0-1

[Event "15. Sparkassen Open 2016 - Gruppe B"]
[Site "Forchheim"]
[Date "2016.10.01"]
[Round "2.31"]
[White "Werner, Denis"]
[Black "Baumgärtner, Frank"]
[Result "1-0"]
[WhiteElo "1595"]
[BlackElo "1823"]
[PlyCount "111"]
[EventDate "2016.??.??"]
[WhiteTeam "SC Garching"]
[BlackTeam "Kronacher SK"]

1. e4 e5 2. Nf3 Nc6 3. Bb5 Nf6 4. O-O d6 5. d4 exd4 6. Nxd4 Bd7 7. Nc3 Be7 8.
f4 O-O 9. Nxc6 bxc6 10. Ba4 h6 11. Bd2 Re8 12. Bb3 Bf8 13. Qe2 Qe7 14. Rae1 Be6
15. Ba4 Bd7 16. Qa6 c5 17. e5 dxe5 18. fxe5 Ng4 19. Bb3 Be6 20. Bxe6 Qxe6 21.
Qxe6 Rxe6 22. Bf4 c4 23. h3 Bc5+ 24. Kh1 Nf2+ 25. Kh2 Rd8 26. Na4 Bd4 27. c3
Nd3 28. cxd4 Nxe1 29. Rxe1 Rxd4 30. Be3 Rd3 31. Nc5 Rxe5 32. Nxd3 cxd3 33. Bd2
Rd5 34. Re7 Rb5 35. Bc3 Rd5 36. Re1 a5 37. Kg3 a4 38. a3 c5 39. Kf4 c4 40. Ke3
f5 41. Kd2 g6 42. Re6 Rd7 43. Rxg6+ Kh7 44. Rc6 Re7 45. Rxc4 Re2+ 46. Kxd3 Rxg2
47. Rc7+ Kg8 48. Rc5 Rg3+ 49. Kc4 f4 50. Rf5 f3 51. h4 Rh3 52. Kb5 Kh7 53. h5
Rg3 54. Kxa4 Rg4+ 55. b4 Rg3 56. Rf8 1-0

[Event "15. Sparkassen Open 2016 - Gruppe B"]
[Site "Forchheim"]
[Date "2016.10.01"]
[Round "2.32"]
[White "Kirchner, Markus"]
[Black "Erdösi, Niko"]
[Result "1/2-1/2"]
[WhiteElo "1704"]
[BlackElo "1492"]
[PlyCount "75"]
[EventDate "2016.??.??"]
[WhiteTeam "SF Schöneck"]
[BlackTeam "TV Tegernsee"]

1. e4 c5 2. Nf3 d6 3. d4 cxd4 4. Nxd4 Nf6 5. f3 g6 6. c4 Bg7 7. Nc3 O-O 8. Be3
Nc6 9. Qd2 Re8 10. Be2 Bd7 11. O-O a6 12. Rfd1 Rc8 13. Rac1 Ne5 14. b3 Nc6 15.
Bf1 Nh5 16. Nd5 Nf6 17. Nxc6 Rxc6 18. Qf2 Be6 19. Kh1 Nd7 20. Rc2 Bxd5 21. exd5
Rc8 22. Rdc1 Qa5 23. Rb1 Qc7 24. b4 b5 25. Rbc1 Qb7 26. a3 bxc4 27. Bxc4 Ne5
28. Qf1 Nxc4 29. Rxc4 Rxc4 30. Qxc4 Bf6 31. Qc6 Rb8 32. Bh6 Qa8 33. Rc2 Bh8 34.
h3 Rd8 35. Kh2 Bg7 36. Bxg7 Kxg7 37. Qxa8 Rxa8 38. Kg3 1/2-1/2

[Event "15. Sparkassen Open 2016 - Gruppe B"]
[Site "Forchheim"]
[Date "2016.10.01"]
[Round "2.33"]
[White "Doll, Alexander"]
[Black "Rosenhain, Thomas"]
[Result "0-1"]
[WhiteElo "1484"]
[BlackElo "1860"]
[PlyCount "50"]
[EventDate "2016.??.??"]
[WhiteTeam "SC Untergrombach"]
[BlackTeam "Schachpinguine Berlin"]

1. e4 c5 2. Nf3 e6 3. c3 Nf6 4. e5 Nd5 5. d4 cxd4 6. cxd4 Nc6 7. Nc3 Nxc3 8.
bxc3 d6 9. Bg5 Qa5 10. exd6 Qxc3+ 11. Bd2 Qa3 12. Bb5 Bd7 13. Qe2 Qxd6 14. Rd1
a6 15. Bc4 Be7 16. Bc3 O-O 17. d5 exd5 18. Bxd5 Qc7 19. Be5 Nxe5 20. Nxe5 Bb4+
21. Kf1 Bb5 22. Bc4 Rae8 23. Bxb5 Rxe5 24. Qc4 Qe7 25. g3 axb5 0-1

[Event "15. Sparkassen Open 2016 - Gruppe B"]
[Site "Forchheim"]
[Date "2016.10.01"]
[Round "2.34"]
[White "Nahlik, Bernhard"]
[Black "Kolb, Tobias"]
[Result "1/2-1/2"]
[WhiteElo "1600"]
[BlackElo "1664"]
[PlyCount "43"]
[EventDate "2016.??.??"]
[WhiteTeam "SC Ansbach"]
[BlackTeam "SV Seubelsdorf"]

1. d4 d5 2. Nf3 e6 3. e3 Nf6 4. Bd3 c5 5. c3 Nc6 6. O-O Be7 7. Nbd2 c4 8. Bc2
O-O 9. e4 Nd7 10. exd5 exd5 11. Re1 Nf6 12. Ne5 Bd7 13. Ndf3 h6 14. h3 Re8 15.
Bf4 b5 16. a3 a5 17. Qd2 Bf8 18. Nxc6 Bxc6 19. Ne5 Qb6 20. Nxc6 Qxc6 21. Rxe8
Rxe8 22. Re1 1/2-1/2

[Event "15. Sparkassen Open 2016 - Gruppe B"]
[Site "Forchheim"]
[Date "2016.10.01"]
[Round "2.35"]
[White "Gerlach, Dominique"]
[Black "Meyer, Robert"]
[Result "0-1"]
[WhiteElo "1703"]
[BlackElo "1748"]
[PlyCount "114"]
[EventDate "2016.??.??"]
[WhiteTeam "SK Weilheim"]
[BlackTeam "SC Stein"]

1. d4 d5 2. Nf3 e6 3. e3 c5 4. b3 Nf6 5. Bb2 Nc6 6. Nbd2 cxd4 7. exd4 Be7 8. a3
O-O 9. Bd3 Re8 10. O-O Bf8 11. Ne5 Nxe5 12. dxe5 Nd7 13. Nf3 Nc5 14. Be2 Bd7
15. c4 dxc4 16. b4 Na4 17. Bd4 b5 18. Rc1 Bc6 19. Qd2 h6 20. Rfd1 Qd7 21. Qf4
Qb7 22. Qg4 Be4 23. Be3 Kh7 24. Rd4 Bf5 25. Qg3 Rad8 26. Bd1 Nb2 27. Bc2 Bxc2
28. Rxc2 Rxd4 29. Nxd4 Nd3 30. Qh4 Nxe5 31. Qh5 Qe4 32. Rc1 g6 33. Qe2 Nd3 34.
Rd1 a6 35. Qc2 Bg7 36. Ne2 Nxf2 37. Qxe4 Nxe4 38. Rd7 Kg8 39. Bb6 Ra8 40. Nd4
Bxd4+ 41. Bxd4 Rc8 42. Bb6 c3 43. Rc7 Rxc7 44. Bxc7 g5 45. Be5 f6 46. Bd4 e5
47. Be3 Kf7 48. Kf1 Ke6 49. Ke2 Kd5 50. Kd3 f5 51. g3 f4 52. gxf4 gxf4 53. Bc1
h5 54. h4 f3 55. Ke3 f2 56. Ke2 Kc4 57. Be3 c2 0-1

[Event "15. Sparkassen Open 2016 - Gruppe B"]
[Site "Forchheim"]
[Date "2016.10.01"]
[Round "2.36"]
[White "Knoll, Ernst"]
[Black "Gampper, Steffen"]
[Result "0-1"]
[WhiteElo "1607"]
[BlackElo "1700"]
[PlyCount "52"]
[EventDate "2016.??.??"]
[WhiteTeam "Schachtreff Röttenbach"]
[BlackTeam "SC Murrhardt"]

1. c4 e5 2. Nc3 Nc6 3. g3 f5 4. e3 Nf6 5. Bg2 d5 6. cxd5 Nb4 7. d4 e4 8. Nge2
Nd3+ 9. Kf1 Ng4 10. Nf4 Ndxf2 11. Qe2 Nxh1 12. Bxh1 Nf6 13. Ne6 Bxe6 14. dxe6
c6 15. a3 Bd6 16. d5 O-O 17. dxc6 bxc6 18. Qc4 Qe7 19. Ke2 Rfe8 20. Bd2 Qxe6
21. Qxc6 Rec8 22. Qa4 Rab8 23. b4 Rxc3 24. Bxc3 Qc4+ 25. Kd2 Qd3+ 26. Ke1 Qxc3+
0-1

[Event "15. Sparkassen Open 2016 - Gruppe B"]
[Site "Forchheim"]
[Date "2016.10.01"]
[Round "2.37"]
[White "Kohler, Alfred"]
[Black "Nettelbeck, Jann"]
[Result "1/2-1/2"]
[WhiteElo "1608"]
[BlackElo "1739"]
[PlyCount "43"]
[EventDate "2016.??.??"]
[WhiteTeam "SK Herzogenaurach"]
[BlackTeam "Turm Kandel"]

1. d4 Nf6 2. Nf3 g6 3. c4 d5 4. Nc3 Bg7 5. Bf4 c6 6. e3 O-O 7. Bd3 dxc4 8. Bxc4
Nd5 9. Nxd5 cxd5 10. Bd3 Bg4 11. O-O Qb6 12. b3 Nc6 13. h3 Bxf3 14. Qxf3 Nb4
15. Qe2 Nxd3 16. Qxd3 Rac8 17. Rfc1 Rc6 18. Rc2 Rfc8 19. Rac1 f6 20. Kf1 Qa5
21. Rxc6 Rxc6 22. Rxc6 1/2-1/2

[Event "15. Sparkassen Open 2016 - Gruppe B"]
[Site "Forchheim"]
[Date "2016.10.01"]
[Round "2.38"]
[White "Hohner, Karl-Heinz"]
[Black "Nitzsche, Pia"]
[Result "0-1"]
[WhiteElo "1837"]
[BlackElo "1669"]
[PlyCount "28"]
[EventDate "2016.??.??"]
[WhiteTeam "vereinslos"]
[BlackTeam "Chemnitzer SC Aufbau"]

1. Nf3 c5 2. e3 Nc6 3. b3 Nf6 4. Bb2 d5 5. d4 cxd4 6. exd4 Bf5 7. a3 e6 8. Nbd2
Bd6 9. Rc1 O-O 10. Ne5 Qc7 11. f4 Rac8 12. Ndf3 Bxa3 13. Bxa3 Qa5+ 14. c3 Qxc3+
0-1

[Event "15. Sparkassen Open 2016 - Gruppe B"]
[Site "Forchheim"]
[Date "2016.10.01"]
[Round "2.40"]
[White "Askri, Samir"]
[Black "Poppe, Wolfgang"]
[Result "1-0"]
[WhiteElo "1806"]
[BlackElo "1626"]
[PlyCount "65"]
[EventDate "2016.??.??"]
[WhiteTeam "DJK Amberg"]
[BlackTeam "SK Bad Neustadt"]

1. d4 d5 2. c4 e6 3. Nc3 Nf6 4. Bg5 c6 5. Nf3 Bd6 6. e3 Nbd7 7. cxd5 exd5 8.
Bd3 O-O 9. Qc2 h6 10. Bh4 Re8 11. O-O Nf8 12. a3 Bg4 13. Nd2 Bh5 14. b4 Bg6 15.
b5 Bxd3 16. Qxd3 Ng6 17. Bg3 Rc8 18. bxc6 Rxc6 19. Bxd6 Qxd6 20. Nb5 Qb8 21.
Rac1 Rec8 22. Rxc6 Rxc6 23. e4 dxe4 24. Nxe4 Nxe4 25. Qxe4 Re6 26. Qf5 a6 27.
Nc3 Qc8 28. Qf3 Qc4 29. d5 Rf6 30. Qe3 Rf4 31. Rd1 Qc8 32. d6 Rf6 33. d7 1-0